|
|
|
|
| LEADER |
00000nam a2200000 a 4500 |
| 001 |
vtls001074490 |
| 003 |
SK-MaSNL |
| 005 |
20260301111041.0 |
| 008 |
240606s1994 xo 0 cze |
| 015 |
|
|
|a SNBA1994/03
|
| 020 |
|
|
|a 8071461547
|
| 035 |
|
|
|a SNK000017322
|
| 035 |
|
|
|a urn:nbn:sk:snk-amlnro
|
| 035 |
|
|
|a urn:nbn:sk:snk-am00bx7h
|
| 035 |
|
|
|a 5CDA0F3C-323A-4092-A539-877475EBDA79
|
| 040 |
|
|
|a SNK
|b slo
|c SNK
|e AACR2
|
| 041 |
1 |
|
|a cze
|h fre
|
| 044 |
|
|
|a xo
|c SK
|
| 080 |
|
|
|a 840 (493)-3(087.5)=850
|2 1981
|
| 100 |
1 |
|
|a Lagarde, Luce
|4 aut
|4 4 ill
|9 244625
|
| 245 |
1 |
0 |
|a V lese a na paloučku
|c text a ilustrace Luce-Andrée Lagarde ; překl. Dana Bocimová
|
| 250 |
|
|
|a [1. vyd.]
|
| 260 |
|
|
|a Bratislava
|b Slovart Junior
|c 1994
|
| 300 |
|
|
|a [64] s.
|c 25 cm
|
| 655 |
|
7 |
|a belgické rozprávky (francúzsky)
|2 SNKPH
|9 60981
|
| 655 |
|
7 |
|a autorské rozprávky
|2 SNKPH
|9 70727
|
| 655 |
|
7 |
|a literatúra pre deti
|2 SNKPH
|9 87135
|
| 700 |
1 |
|
|a Bocimová, Dana
|4 trl
|9 60407
|
| 852 |
|
|
|a Slovenská národná knižnica
|
| 919 |
|
|
|a 80-7146-154-7
|
| 954 |
|
|
|a beletria cudzojazyčná (svetová)
|2 lita
|
| 958 |
|
|
|a LX
|
| 958 |
|
|
|a DB
|
| 958 |
|
|
|a TL
|
| 958 |
|
|
|a UP
|
| 958 |
|
|
|a NS
|
| 958 |
|
|
|a CZ
|
| 968 |
|
|
|b FR
|
| 999 |
|
|
|c 705261
|d 707191
|
| 952 |
|
|
|t P60, <05>, [BOOK], {605}
|a SNK
|b SNK
|y PREZ
|7 0
|p 17A0082428
|o snkSB 52261 D1
|0 0
|1 0
|4 0
|d 1997-07-16
|l 0
|r 2004-12-31 00:00:00
|w 2026-02-23
|
| 952 |
|
|
|a SNK
|b SNK
|y PREZ
|7 0
|p 17A0905246
|o snkSB 52261
|0 0
|1 0
|4 0
|d 2012-08-08
|f 1
|l 0
|r 2025-03-14 00:00:00
|w 2026-02-23
|